<?xml version="1.0" encoding="UTF-8"?>
<record
    xmlns:xsi="http://www.w3.org/2001/XMLSchema-instance"
    xsi:schemaLocation="http://www.loc.gov/MARC21/slim http://www.loc.gov/standards/marcxml/schema/MARC21slim.xsd"
    xmlns="http://www.loc.gov/MARC21/slim">

  <leader>00492nam a22001697a 4500</leader>
  <controlfield tag="003">SEACOMEC</controlfield>
  <controlfield tag="005">20240524114251.0</controlfield>
  <controlfield tag="008">230930b        |||||||| |||| 00| 0 eng d</controlfield>
  <datafield tag="020" ind1=" " ind2=" ">
    <subfield code="c">265.00</subfield>
    <subfield code="a">9789350142851</subfield>
  </datafield>
  <datafield tag="040" ind1=" " ind2=" ">
    <subfield code="a">SEACOMEC</subfield>
  </datafield>
  <datafield tag="082" ind1=" " ind2=" ">
    <subfield code="a">621.0287</subfield>
    <subfield code="b">R161</subfield>
  </datafield>
  <datafield tag="100" ind1=" " ind2=" ">
    <subfield code="a">Rajput, R.K</subfield>
  </datafield>
  <datafield tag="245" ind1=" " ind2=" ">
    <subfield code="a">Mechanical measurement and instrumentation including metrology and Control System</subfield>
    <subfield code="c">R. K Rajput</subfield>
  </datafield>
  <datafield tag="260" ind1=" " ind2=" ">
    <subfield code="a">New Delhi</subfield>
    <subfield code="b">S.K.Kataria</subfield>
    <subfield code="c">2006</subfield>
  </datafield>
  <datafield tag="650" ind1=" " ind2=" ">
    <subfield code="a"> Testing and Measurement</subfield>
  </datafield>
  <datafield tag="942" ind1=" " ind2=" ">
    <subfield code="c">BOOK</subfield>
  </datafield>
  <datafield tag="952" ind1=" " ind2=" ">
    <subfield code="0">0</subfield>
    <subfield code="1">0</subfield>
    <subfield code="2">ddc</subfield>
    <subfield code="4">0</subfield>
    <subfield code="7">0</subfield>
    <subfield code="a">SEACOMEC</subfield>
    <subfield code="b">SEACOMEC</subfield>
    <subfield code="d">2024-05-24</subfield>
    <subfield code="l">0</subfield>
    <subfield code="o">621.0287 R161</subfield>
    <subfield code="p">9336</subfield>
    <subfield code="r">2024-05-24 11:44:02</subfield>
    <subfield code="w">2024-05-24</subfield>
    <subfield code="y">BOOK</subfield>
  </datafield>
  <datafield tag="952" ind1=" " ind2=" ">
    <subfield code="0">0</subfield>
    <subfield code="1">0</subfield>
    <subfield code="2">ddc</subfield>
    <subfield code="4">0</subfield>
    <subfield code="7">0</subfield>
    <subfield code="a">SEACOMEC</subfield>
    <subfield code="b">SEACOMEC</subfield>
    <subfield code="d">2008-01-24</subfield>
    <subfield code="l">0</subfield>
    <subfield code="o">621.0287 R161</subfield>
    <subfield code="p">9337</subfield>
    <subfield code="r">2024-05-24 11:44:38</subfield>
    <subfield code="t">1</subfield>
    <subfield code="w">2024-05-24</subfield>
    <subfield code="y">BOOK</subfield>
  </datafield>
  <datafield tag="952" ind1=" " ind2=" ">
    <subfield code="0">0</subfield>
    <subfield code="1">0</subfield>
    <subfield code="2">ddc</subfield>
    <subfield code="4">0</subfield>
    <subfield code="7">0</subfield>
    <subfield code="a">SEACOMEC</subfield>
    <subfield code="b">SEACOMEC</subfield>
    <subfield code="d">2008-01-24</subfield>
    <subfield code="l">0</subfield>
    <subfield code="o">621.0287 R161</subfield>
    <subfield code="p">9338</subfield>
    <subfield code="r">2024-05-24 11:44:38</subfield>
    <subfield code="t">2</subfield>
    <subfield code="w">2024-05-24</subfield>
    <subfield code="y">BOOK</subfield>
  </datafield>
  <datafield tag="952" ind1=" " ind2=" ">
    <subfield code="0">0</subfield>
    <subfield code="1">0</subfield>
    <subfield code="2">ddc</subfield>
    <subfield code="4">0</subfield>
    <subfield code="7">0</subfield>
    <subfield code="a">SEACOMEC</subfield>
    <subfield code="b">SEACOMEC</subfield>
    <subfield code="d">2008-01-24</subfield>
    <subfield code="l">0</subfield>
    <subfield code="o">621.0287 R161</subfield>
    <subfield code="p">9339</subfield>
    <subfield code="r">2024-05-24 11:44:38</subfield>
    <subfield code="t">3</subfield>
    <subfield code="w">2024-05-24</subfield>
    <subfield code="y">BOOK</subfield>
  </datafield>
  <datafield tag="952" ind1=" " ind2=" ">
    <subfield code="0">0</subfield>
    <subfield code="1">0</subfield>
    <subfield code="2">ddc</subfield>
    <subfield code="4">0</subfield>
    <subfield code="7">0</subfield>
    <subfield code="a">SEACOMEC</subfield>
    <subfield code="b">SEACOMEC</subfield>
    <subfield code="d">2008-01-24</subfield>
    <subfield code="l">0</subfield>
    <subfield code="o">621.0287 R161</subfield>
    <subfield code="p">9340</subfield>
    <subfield code="r">2024-05-24 11:44:38</subfield>
    <subfield code="t">4</subfield>
    <subfield code="w">2024-05-24</subfield>
    <subfield code="y">BOOK</subfield>
  </datafield>
  <datafield tag="952" ind1=" " ind2=" ">
    <subfield code="0">0</subfield>
    <subfield code="1">0</subfield>
    <subfield code="2">ddc</subfield>
    <subfield code="4">0</subfield>
    <subfield code="7">0</subfield>
    <subfield code="a">SEACOMEC</subfield>
    <subfield code="b">SEACOMEC</subfield>
    <subfield code="d">2008-01-24</subfield>
    <subfield code="l">0</subfield>
    <subfield code="o">621.0287 R161</subfield>
    <subfield code="p">9341</subfield>
    <subfield code="r">2024-05-24 11:44:38</subfield>
    <subfield code="t">5</subfield>
    <subfield code="w">2024-05-24</subfield>
    <subfield code="y">BOOK</subfield>
  </datafield>
  <datafield tag="952" ind1=" " ind2=" ">
    <subfield code="0">0</subfield>
    <subfield code="1">0</subfield>
    <subfield code="2">ddc</subfield>
    <subfield code="4">0</subfield>
    <subfield code="7">0</subfield>
    <subfield code="a">SEACOMEC</subfield>
    <subfield code="b">SEACOMEC</subfield>
    <subfield code="d">2008-01-24</subfield>
    <subfield code="l">1</subfield>
    <subfield code="o">621.0287 R161</subfield>
    <subfield code="p">9342</subfield>
    <subfield code="q">2026-04-14</subfield>
    <subfield code="r">2026-03-31 16:15:00</subfield>
    <subfield code="s">2026-03-31</subfield>
    <subfield code="t">6</subfield>
    <subfield code="w">2024-05-24</subfield>
    <subfield code="y">BOOK</subfield>
  </datafield>
  <datafield tag="952" ind1=" " ind2=" ">
    <subfield code="0">0</subfield>
    <subfield code="1">0</subfield>
    <subfield code="2">ddc</subfield>
    <subfield code="4">0</subfield>
    <subfield code="7">0</subfield>
    <subfield code="a">SEACOMEC</subfield>
    <subfield code="b">SEACOMEC</subfield>
    <subfield code="d">2008-01-24</subfield>
    <subfield code="l">0</subfield>
    <subfield code="o">621.0287 R161</subfield>
    <subfield code="p">9343</subfield>
    <subfield code="r">2024-05-24 11:44:38</subfield>
    <subfield code="t">7</subfield>
    <subfield code="w">2024-05-24</subfield>
    <subfield code="y">BOOK</subfield>
  </datafield>
  <datafield tag="952" ind1=" " ind2=" ">
    <subfield code="0">0</subfield>
    <subfield code="1">0</subfield>
    <subfield code="2">ddc</subfield>
    <subfield code="4">0</subfield>
    <subfield code="7">0</subfield>
    <subfield code="a">SEACOMEC</subfield>
    <subfield code="b">SEACOMEC</subfield>
    <subfield code="d">2008-01-24</subfield>
    <subfield code="l">0</subfield>
    <subfield code="o">621.0287 R161</subfield>
    <subfield code="p">9344</subfield>
    <subfield code="r">2024-05-24 11:44:38</subfield>
    <subfield code="t">8</subfield>
    <subfield code="w">2024-05-24</subfield>
    <subfield code="y">BOOK</subfield>
  </datafield>
  <datafield tag="952" ind1=" " ind2=" ">
    <subfield code="0">0</subfield>
    <subfield code="1">0</subfield>
    <subfield code="2">ddc</subfield>
    <subfield code="4">0</subfield>
    <subfield code="7">0</subfield>
    <subfield code="a">SEACOMEC</subfield>
    <subfield code="b">SEACOMEC</subfield>
    <subfield code="d">2008-01-24</subfield>
    <subfield code="l">0</subfield>
    <subfield code="o">621.0287 R161</subfield>
    <subfield code="p">9345</subfield>
    <subfield code="r">2024-05-24 11:44:38</subfield>
    <subfield code="t">9</subfield>
    <subfield code="w">2024-05-24</subfield>
    <subfield code="y">BOOK</subfield>
  </datafield>
  <datafield tag="952" ind1=" " ind2=" ">
    <subfield code="0">0</subfield>
    <subfield code="1">0</subfield>
    <subfield code="2">ddc</subfield>
    <subfield code="4">0</subfield>
    <subfield code="7">0</subfield>
    <subfield code="a">SEACOMEC</subfield>
    <subfield code="b">SEACOMEC</subfield>
    <subfield code="d">2008-01-24</subfield>
    <subfield code="l">0</subfield>
    <subfield code="o">621.0287 R161</subfield>
    <subfield code="p">9346</subfield>
    <subfield code="r">2024-05-24 11:44:38</subfield>
    <subfield code="t">10</subfield>
    <subfield code="w">2024-05-24</subfield>
    <subfield code="y">BOOK</subfield>
  </datafield>
  <datafield tag="952" ind1=" " ind2=" ">
    <subfield code="0">0</subfield>
    <subfield code="1">0</subfield>
    <subfield code="2">ddc</subfield>
    <subfield code="4">0</subfield>
    <subfield code="7">0</subfield>
    <subfield code="a">SEACOMEC</subfield>
    <subfield code="b">SEACOMEC</subfield>
    <subfield code="d">2008-01-24</subfield>
    <subfield code="l">0</subfield>
    <subfield code="o">621.0287 R161</subfield>
    <subfield code="p">9347</subfield>
    <subfield code="r">2024-05-24 11:44:38</subfield>
    <subfield code="t">11</subfield>
    <subfield code="w">2024-05-24</subfield>
    <subfield code="y">BOOK</subfield>
  </datafield>
  <datafield tag="952" ind1=" " ind2=" ">
    <subfield code="0">0</subfield>
    <subfield code="1">0</subfield>
    <subfield code="2">ddc</subfield>
    <subfield code="4">0</subfield>
    <subfield code="7">0</subfield>
    <subfield code="a">SEACOMEC</subfield>
    <subfield code="b">SEACOMEC</subfield>
    <subfield code="d">2008-01-24</subfield>
    <subfield code="l">0</subfield>
    <subfield code="o">621.0287 R161</subfield>
    <subfield code="p">9348</subfield>
    <subfield code="r">2024-05-24 11:44:38</subfield>
    <subfield code="t">12</subfield>
    <subfield code="w">2024-05-24</subfield>
    <subfield code="y">BOOK</subfield>
  </datafield>
  <datafield tag="952" ind1=" " ind2=" ">
    <subfield code="0">0</subfield>
    <subfield code="1">0</subfield>
    <subfield code="2">ddc</subfield>
    <subfield code="4">0</subfield>
    <subfield code="7">0</subfield>
    <subfield code="a">SEACOMEC</subfield>
    <subfield code="b">SEACOMEC</subfield>
    <subfield code="d">2008-01-24</subfield>
    <subfield code="l">0</subfield>
    <subfield code="o">621.0287 R161</subfield>
    <subfield code="p">9349</subfield>
    <subfield code="r">2024-05-24 11:44:38</subfield>
    <subfield code="t">13</subfield>
    <subfield code="w">2024-05-24</subfield>
    <subfield code="y">BOOK</subfield>
  </datafield>
  <datafield tag="952" ind1=" " ind2=" ">
    <subfield code="0">0</subfield>
    <subfield code="1">0</subfield>
    <subfield code="2">ddc</subfield>
    <subfield code="4">0</subfield>
    <subfield code="7">0</subfield>
    <subfield code="a">SEACOMEC</subfield>
    <subfield code="b">SEACOMEC</subfield>
    <subfield code="d">2008-01-24</subfield>
    <subfield code="l">0</subfield>
    <subfield code="o">621.0287 R161</subfield>
    <subfield code="p">9350</subfield>
    <subfield code="r">2024-05-24 11:44:38</subfield>
    <subfield code="t">14</subfield>
    <subfield code="w">2024-05-24</subfield>
    <subfield code="y">BOOK</subfield>
  </datafield>
  <datafield tag="999" ind1=" " ind2=" ">
    <subfield code="c">25</subfield>
    <subfield code="d">25</subfield>
  </datafield>
</record>
